000 00685nam a2200217Ii 4500
003 JO-AjNU
008 230605s9999||||xx |||||||||||||| ||und||
017 _a2009/19257
020 _a978-977-6341-24-1
040 _aJO-AjNU
_bara
_erda
_cJO-AjNU
041 _aara
050 1 4 _aHF 5686 .C7.R32 2011
100 3 _aراضي، محمد سامي,
_eauthor
_927607
245 0 0 _aمحاسبة شركات الاموال
264 3 1 _aالاسكندرية: دار التعليم الجامعي،2011
300 _a343ص
336 _atext
_btxt
_2rdacontent
337 _aunmediated
_bn
_2rdamedia
338 _avolume
_bnc
_2rdacarrier
650 4 _a محاسبة الشركات
_927608
999 _aA10608
_c14176
_d14176